000
00315nam a22001337a 4500
003
OSt
005
20170105103446.0
008
131203t xxu||||| |||| 00| 0 eng d
020
_a
978-0-470-02386-0
040
_c
ASAB
100
_a
John Carter
_9
379
245
_a
Virology
_b
Principles and applications
942
_2
ddc
_c
BK
999
_c
16649
_d
16649